000 00600nam a2200217Ia 4500
003 GCL
008 140319s9999 xx 000 0 ara d
040 _aGCL /
_cGCL
082 0 4 _aط
_b37252
_bس ل
100 1 _aدار المعارف
245 1 0 _aعيد ميلاد عزة /
_cدار المعارف
700 1 _aسمير عبدالقاتى
260 _a[S.N] :
_bدار المعارف ،
_c1992
300 _a16 ص
490 _aلون قصتك
_v0
650 0 4 _aالاطفال
650 0 4 _aالقصص
650 0 4 _aقصص الاطفال
650 0 4 _aالتلوين
942 _2ddc
_cBK
999 _c57529
_d57529